|
|
|
|
| LEADER |
01536nam a2200289 a 4500 |
| 001 |
17408 |
| 003 |
BD-DhAAL |
| 008 |
961024s20072005 nyua 001 0 eng d |
| 010 |
|
|
|a \\\96047305
|
| 020 |
|
|
|a 812651101x
|
| 040 |
|
|
|a DLC
|c DLC
|d DLC
|d BD-DhAAL
|
| 082 |
0 |
0 |
|a 621.31042
|2 21
|
| 100 |
1 |
|
|a Sen, P. C.
|q (Paresh Chandra)
|9 42072
|
| 245 |
1 |
0 |
|a Principles of electric machines and power electronics /
|c P.C. Sen.
|
| 250 |
|
|
|a Second edition.
|
| 260 |
|
|
|a New York :
|a New Delhi ;
|b John Wiley & Sons,
|c c2005.
|
| 300 |
|
|
|a xxi, 615 pages :
|b illustrations ;
|c 25 cm
|
| 500 |
|
|
|a Includes index.
|
| 526 |
|
|
|a MNS
|x Mahabobe Shobahani
Faculty Member of BRAC University
Course Name : Power Electronics (ECE 424)
|
| 541 |
1 |
|
|e 17408, 17409
|a Essence Science Publications
|
| 650 |
|
0 |
|a Electric machinery.
|9 42073
|
| 650 |
|
0 |
|a Power electronics.
|9 42074
|
| 852 |
4 |
|
|a Ayesha Abed Library
|c General Stacks
|
| 942 |
|
|
|2 ddc
|c BK
|
| 999 |
|
|
|c 456
|d 456
|
| 952 |
|
|
|0 0
|1 0
|2 ddc
|4 0
|6 621_310420000000000_SEN
|7 0
|9 416
|a BRACUL
|b BRACUL
|c GEN
|d 2009-05-07
|e Essence Science Publications
|g 586.00
|l 8
|m 73
|o 621.31042 SEN
|p 3010017409
|r 2024-12-01
|s 2024-11-12
|t 2
|w 2009-05-07
|y BK
|x Requisitioned by Mahabobe Shobahani for the course named- "Power Electronics (ECE 424)".
|
| 952 |
|
|
|0 0
|1 0
|2 ddc
|4 0
|6 621_310420000000000_SEN
|7 0
|9 11019
|a BRACUL
|b BRACUL
|c GEN
|d 2010-06-15
|e Essence Science Publications
|g 586.00
|l 5
|m 30
|o 621.31042 SEN
|p 3010017408
|r 2025-01-05
|s 2024-12-08
|t 1
|w 2010-06-15
|y BK
|x Requisitioned by Mahabobe Shobahani for the course named- "Power Electronics (ECE 424)".
|